| 000 | 01165nam a2200277Ia 4500 | ||
|---|---|---|---|
| 005 | 20240528104335.0 | ||
| 008 | 130821s1951 mx gr spa | ||
| 020 | _a9681624858 | ||
| 040 |
_aCo-BoUCM _bspa _cDavid Moreno (modificó) _dDavid Moreno (modificó) |
||
| 041 | _aspa | ||
| 100 | 1 |
_aMalthus, Thomas Robert _d1766-1834 _982830 |
|
| 245 | 1 | 0 |
_aEnsayo sobre el principio de la población _cThomas R. Malthus ; traducción de Teodoro Ortiz ; con una introducción de Kingsley Davis. |
| 260 |
_aMéxico D.F. (México) _bFondo de Cultura Económica _c1951 |
||
| 300 | _a619 Páginas | ||
| 490 | 0 | _aSección de Obras de Economía / Eduardo Suárez | |
| 500 | _aDonación Álvaro Daza. | ||
| 650 | 0 | 4 |
_aEconomía política _913709 |
| 650 | 0 | 4 |
_aMaltusianismo _918889 |
| 650 | 0 | 4 |
_aPoblación _vAspectos sociales _921730 |
| 650 | 0 | 4 |
_aPoblación _xAspectos económicos _921730 |
| 700 | 1 |
_aKingsley, Davis _9181051 |
|
| 700 | 1 |
_aOrtiz, Teodoro _9144990 |
|
| 765 | _tEssay on the principle of population, or a view of its past and present effects on human happiness | ||
| 942 |
_cLIBRO _a5 _e1 _mM15 _2DEWEY _h330.153 _n0 |
||
| 999 |
_c1754 _d1754 |
||